| 000 | 02241cam a22003135a 4500 | ||
|---|---|---|---|
| 001 | L145988 | ||
| 008 | 081128e20080409xxk f v 000 0 eng d | ||
| 035 | _a(Sirsi) u145988 | ||
| 041 | 0 | _aeng | |
| 245 | 0 | 0 |
_aHempcomp Ltd v Birmingham CC _h[electronic resource] |
| 260 | _c2008 | ||
| 520 | _aACQ/12/2006 AND ACQ13/12/2006 9 April 2008. Application for adjournment in a compulsory purchase case was rejected after the applicant was found to have a history of attempting to delay the process unecessarily. Appellant (H)'s request for £500 000 in respect of two properties was rejected and figures closer to £70 000 for each of the properties were payable by the county council (B). H had arrived at his sum through unfit comparable valuations with local properties that had been sold at later dates than his properties and differed materially. In addition to this, the properties purchased by B were uninhabitable and not fit for mortgage purposes and so they were valued using the residual method. In addition to this, there were serious flaws in his expert statement and several points had been put forward without appropriate supporting evidence. H was ordered to pay both his costs and the cost of the local authority. | ||
| 521 | _aAdvanced | ||
| 590 | _aKA | ||
| 650 | 2 | 4 | _aHEMPCOMP LTD V BIRMINGHAM CC |
| 650 | 2 | 4 | _aBIRMINGHAM (CITY ROAD LADYWOOD) PART II HOUSING COMPULSORY PURCHASE ORDER 1999 |
| 650 | 2 | 4 | _aBIRMINGHAM (MONUMENT ROAD EDGEBASTON) PART II HOUSING COMPULSORY PURCHASE ORDER 1999 |
| 650 | 2 | 4 | _aCOMPULSORY PURCHASE (VESTING DECLARATIONS) ACT 1981 |
| 650 | 2 | 4 | _aEMSLIE AND SIMPSON LTD V ABERDEEN DC (NO 2) |
| 650 | 2 | 4 | _aESSEX COUNTY SHOWGROUND GROUP V ESSEX COUNTY COUNCIL |
| 650 | 2 | 4 | _aGARROD V LONDON BOROUGH OF NEWHAM |
| 650 | 2 | 4 | _aHOUSING ACT 1985 S17 |
| 650 | 2 | 4 | _aPURFLEET FARMS LTD V SOS FOR TRANSPORT, LOCAL GOVERNMENT AND THE REGIONS |
| 650 | 2 | 4 | _aSNOOK & ORS V SOMERSET COUNTY COUNCIL |
| 651 | 4 |
_aEngland and Wales _y1543- |
|
| 690 | _aENVIRONMENTAL AND LAND CONSULTANCY-PLANNING AND DEVELOPMENT-COMPULSORY PURCHASE AND COMPENSATION | ||
| 856 | 4 | 0 |
_uhttps://www.landstribunal.gov.uk/Aspx/view.aspx?id=507 _zView the item free of charge online at www.landstribunal.gov.uk... |
| 942 | _n0 | ||
| 999 |
_c109005 _d109005 |
||